Seinfeld - George's Employers Quiz Stats

Quiz not verified by Sporcle

Score 0/12 Timer 03:00
0 Plays Today
Employer % Correct
New York Yankees
97.8%
Play Now
62.4%
Kruger Industrial Smoothing
51.1%
Pendant Publishing
44.5%
NBC
17.5%
Tyler Chicken
11.3%
Rick Barr Properties
10.6%
Dairy Queen
4.4%
Sid
4%
Costanza and Son
3.6%
Sanalac
2.2%
Fat Camp
1.1%

You're not logged in!

Compare scores with friends on all Sporcle quizzes.
Sign Up with Email
OR
Log In

You Might Also Like...

Show Comments

Extras

Top Quizzes Today


Score Distribution

Your Account Isn't Verified!

In order to create a playlist on Sporcle, you need to verify the email address you used during registration. Go to your Sporcle Settings to finish the process.